| Tag |
First Indicator |
Second Indicator |
Subfields |
| LEADER |
00000cam a22000008a 4500 |
| 001 |
in00001075921 |
| 005 |
20150929105046.0 |
| 008 |
910729s1991 enk 000 0 eng |
| 010 |
|
|
|a 91028956
|
| 035 |
|
|
|a (OCoLC)24246896
|
| 035 |
|
|
|9 AFQ0220AM
|
| 040 |
|
|
|a DLC
|c DLC
|d RRR
|d TXA
|d UtOrBLW
|
| 049 |
|
|
|a TXAM
|
| 050 |
0 |
0 |
|a QA927
|b .N667 1991
|
| 082 |
0 |
0 |
|a 530.1/4
|2 20
|
| 245 |
0 |
0 |
|a Nonlinear waves and dissipative effects /
|c D. Fusco, editor and A. Jeffrey, editor.
|
| 263 |
|
|
|a 9110
|
| 264 |
|
1 |
|a Burnt Mill, Harlow Essex, England :
|b Longman Scientific & Technical ;
|a New York, NY :
|b Wiley,
|c 1991.
|
| 300 |
|
|
|a 294 pages :
|b illustrations ;
|c 25 cm.
|
| 336 |
|
|
|a text
|b txt
|2 rdacontent
|
| 337 |
|
|
|a unmediated
|b n
|2 rdamedia
|
| 338 |
|
|
|a volume
|b nc
|2 rdacarrier
|
| 490 |
1 |
|
|a Pitman research notes in mathematics series,
|x ISSN 0269-3674 ;
|v 227
|
| 504 |
|
|
|a Includes bibliographical references.
|
| 650 |
|
0 |
|a Nonlinear waves.
|
| 650 |
|
0 |
|a Wave-motion, Theory of.
|
| 700 |
1 |
|
|a Fusco, D.
|q (Domenico)
|
| 700 |
1 |
|
|a Jeffrey, Alan.
|
| 830 |
|
0 |
|a Pitman research notes in mathematics series.
|x ISSN 0269-3674 ;
|v 227.
|
| 999 |
|
|
|a MARS
|
| 999 |
f |
f |
|s 7c4db86b-f582-337f-8f87-283e19ecd5b2
|i 8ac7714e-500e-381b-ae64-37f1c637cf9c
|t 0
|
| 952 |
f |
f |
|p normal
|a Texas A&M University
|b College Station
|c Sterling C. Evans Library
|d Evans: Library Stacks
|t 0
|e QA927 .N667 1991
|h Library of Congress classification
|i unmediated -- volume
|m A14815998817
|
| 998 |
f |
f |
|a QA927 .N667 1991
|t 0
|l Evans: Library Stacks
|